Normal view
MARC view
- ROBERT JANDL MICRO RODEGHIERO MATS OLSSON
Entry Personal Name
001 - CONTROL NUMBER
- control field: 90662
003 - CONTROL NUMBER IDENTIFIER
- control field: NUST
005 - DATE AND TIME OF LATEST TRANSACTION
- control field: 20220318120236.0
008 - FIXED-LENGTH DATA ELEMENTS
- fixed length control field: 220318|| aca||aabn | a|a d
040 ## - CATALOGING SOURCE
- Original cataloging agency: NUST
- Transcribing agency: NUST
100 ## - HEADING--PERSONAL NAME
- Personal name: ROBERT JANDL MICRO RODEGHIERO MATS OLSSON
670 ## - SOURCE DATA FOUND
- Source citation: Work cat.: (NUST): ROBERT JANDL MICRO RODEGHIERO MATS OLSSON, Soil carbon in sensitive european ecosystens, 2011
